Analysis of using the Category Management in distribution process
Príspevok sa zameriava na aktuálnu oblasť nových konceptov v rámci dodávateľsko-odberateľských vzťahov medzi obchodnými firmami a ich dodávateľmi. Spoločnou ideou je riadenie distribučného reťazca spôsobom, ktorý by u spotrebiteľa vytváral pocit, že maloobchod, do ktorého chodí nakupovať, uspokojuje...
Salvato in:
| Autore principale: | |
|---|---|
| Natura: | Capitolo di libro |
| Lingua: | inglese |
| Soggetti: | |
| Tags: |
Nessun Tag, puoi essere il primo ad aggiungerne!!
|
MARC
| LEADER | 00000naa$a2200000$$$4500 | ||
|---|---|---|---|
| 001 | 0023039 | ||
| 005 | 20231113140754.1 | ||
| 041 | 0 | |a eng | |
| 044 | |a CZ | ||
| 245 | 1 | 0 | |a Analysis of using the Category Management in distribution process |c Marek Záboj |
| 520 | |a Príspevok sa zameriava na aktuálnu oblasť nových konceptov v rámci dodávateľsko-odberateľských vzťahov medzi obchodnými firmami a ich dodávateľmi. Spoločnou ideou je riadenie distribučného reťazca spôsobom, ktorý by u spotrebiteľa vytváral pocit, že maloobchod, do ktorého chodí nakupovať, uspokojuje jeho potreby a poskytuje mu najvyšší úžitok a najvýhodnejšiu cenu. Predpokladom pre splnenie tohto cieľa sa stáva zavádzanie nového fenoménu tzv. category managementu do podnikových procesov, a to s využitím moderných informačných technológií. | ||
| 610 | 2 | 0 | |a vzťahy dodávateľsko-odberateľské |
| 610 | 2 | 0 | |a dodávatelia |
| 610 | 2 | 0 | |a reťazce distribučné |
| 610 | 2 | 0 | |a maloobchod |
| 610 | 2 | 0 | |a manažment sortimentný |
| 610 | 2 | 0 | |a tovar |
| 610 | 2 | 0 | |a spokojnosť zákazníkov |
| 100 | 1 | |a Záboj, Marek | |